Coldest Cities in the World With a Population > 4 Million - Statistics

General Stats
  • This quiz has been taken 152 times
  • The average score is 19 of 30
Answer Stats
Answer % Correct
Moscow
99%
Toronto
97%
Beijing
93%
Saint Petersburg
93%
New York
92%
Berlin
91%
London
91%
Montréal
90%
Boston
87%
Chicago
87%
Paris
84%
Seoul
83%
Detroit
74%
Seattle
74%
Philadelphia
73%
Harbin
69%
Tianjin
66%
Washington, D.C.
66%
Xian
59%
Kābul
47%
Shĕnyáng
47%
Dàlián
44%
Milan
41%
Ankara
40%
Cologne
33%
Qīngdăo
33%
The Ruhr
30%
Changchun
29%
Héféi
16%
Tàiyuán
14%
No matching quizzes found
Score Distribution
Percent of People with Each Score
Percentile by Number Answered
Your Score History
You have not taken this quiz